Vzdělávací politika v zemích OECD v letech 1960-1990
Informácie o publikácii: Papadopoulos, G.S.: Education 1960-1990. The OECD Perspective. Vývoj medzinárodnej spolupráce skupiny najvyspelejších krajín sveta v oblasti vzdelávacej politiky koordinovaniej OECD. Historické obdobie 1960-1990 člení do 7 fáz, ktoré sa vyznačujú odlišnými sociálno-ekonomick...
Salvato in:
| Autore principale: | |
|---|---|
| Natura: | Capitolo di libro |
| Lingua: | ceco |
| Soggetti: | |
| Tags: |
Nessun Tag, puoi essere il primo ad aggiungerne!!
|
MARC
| LEADER | 00000naa a2200000 4500 | ||
|---|---|---|---|
| 001 | r019225 | ||
| 005 | 20221208130611.1 | ||
| 041 | 0 | |a cze | |
| 044 | |a CZ | ||
| 245 | 1 | 0 | |a Vzdělávací politika v zemích OECD v letech 1960-1990 |c J. Kotásek |
| 520 | |a Informácie o publikácii: Papadopoulos, G.S.: Education 1960-1990. The OECD Perspective. Vývoj medzinárodnej spolupráce skupiny najvyspelejších krajín sveta v oblasti vzdelávacej politiky koordinovaniej OECD. Historické obdobie 1960-1990 člení do 7 fáz, ktoré sa vyznačujú odlišnými sociálno-ekonomickými podmienkami svetového vývoja. | ||
| 610 | 2 | 0 | |a vzdelanosť |
| 610 | 2 | 0 | |a vzdelanie |
| 610 | 2 | 0 | |a politika |
| 610 | 2 | 0 | |a OECD |
| 610 | 2 | 0 | |a 1960-1990 |
| 610 | 2 | 0 | |a školstvo |
| 610 | 2 | 0 | |a Papadopoulos, G.S. |
| 100 | 1 | |a Kotásek, J. | |